000 00285nam a2200121Ia 4500
008 191201s2008 xx 000 0 und d
100 _aSCHILDT, Herbert
245 0 _aComplete Reference C++
260 _aN. Delhi
_bTMH
_c2008
300 _a1023
650 _aB.Tech(CSE)
942 _2ddc
_cBK
999 _c340
_d340